000 11108 a2200697 4500
005 20080909101151.0
008 080909t xxu||||| |||| 00| 0 hin d
010 _aHIN-80215 B-316582-613
020 _a8190220160
_c150.00
035 _aHN-52561
035 _aB-316582-613
037 _bD.B.Act / pub
037 _bकोहिनूर पब्लि्र्शस एण्ड डिस्ट्री.
040 _adpl
_bHIN
082 _a
100 _aप्रेमचन्द
245 _aवरदान/
_cप्रेमचन्द
246 _aVardaan
_bby Premchand
260 _aदिल्ली
_bविशाल पुस्तक भंडार
_c2006
270 _aएफ-14/28, मॉडल टाउन सेकेण्ड
_bदिल्ली
_c110009
300 _a116पृ
_c22 सेमी(सजिल्द)
490 _a(प्रेमचन्द संग्रह-14)
500 _aइस शीर्षक की पुस्तक भारतीय ग्रंथ निकेतन से 2002 मे आई हुई है
650 _aहिन्दी उपन्यास
650 _aHindi Novel
942 _adpl
_cHN
_kउ / प्रेमच
_2ddc
_h
_mप्रेमच
999 _c5249
_d5249